The Whole Brain Leader: (Record no. 188952)

MARC details
000 -LEADER
fixed length control field 00621nam a2200193 4500
005 - DATE AND TIME OF LATEST TRANSACTION
control field 20220608113639.0
010 ## - LCCN (DPL NO)
LC control number ENG-133123
020 ## - INTERNATIONAL STANDARD BOOK NUMBER
International Standard Book Number 9789352805969
Terms of availability 395.00
035 ## - SYSTEM CONTROL NUMBER
System control number EN-116655
037 ## - SOURCE OF ACQUISITION
Source of stock number/acquisition DBAD/PUB
082 ## - DEWEY DECIMAL CLASSIFICATION NUMBER
Classification number 658.4092
100 ## - MAIN ENTRY--PERSONAL NAME
Personal name Jonsson, Ingvar
245 ## - TITLE STATEMENT
Title The Whole Brain Leader:
Remainder of title 8-Dimensional Approach/
Statement of responsibility, etc Ingvar Jonsson
260 ## - PUBLICATION, DISTRIBUTION, ETC. (IMPRINT)
Place of publication, distribution, etc New Delhi
Name of publisher, distributor, etc Sage Publications India Pvt. Ltd.
Date of publication, distribution, etc 2018
270 ## - ADDRESS
Address B1/I-1, Mohan Cooperative Industrial Area Mathura Road
City New Delhi
Postal code 110044
300 ## - PHYSICAL DESCRIPTION
Extent 200p.
Dimensions 21cm(pbk)
700 ## - ADDED ENTRY--PERSONAL NAME
Personal name Sjoerd De Waal
942 ## - ADDED ENTRY ELEMENTS (KOHA)
Source of classification or shelving scheme Dewey Decimal Classification
Item type English Books
Classification part 658.4092
Call number suffix JON
Holdings
Withdrawn status Lost status Not for loan Collection code Home library Current library Date acquired Source of acquisition Cost, normal purchase price Full call number Barcode Copy number Cost, replacement price Koha item type
      Non-fiction Patel Nagar Patel Nagar 08/06/2022 DBAD/PUB 395.00 658.4092 JON EN-116655 1 395.00 English Books

© Delhi Public Library
Hit Counter
free hit counter